000 00764nam a2200277Ia 4500
005 20250425161005.0
008 250425s9999 xx 000 0 und d
020 _a9684222432
041 _aspa
082 _a621.38152
100 _aCATHEY, JIMMIE J.
245 0 _aDISPOSITIVOS ELECTRONICOS Y CIRCUITOS
250 _a1A ED.
260 _aMEXICO
260 _aMéxico
_bMCGRAW-HILL
_c1991
300 _a333
500 _aTítulo Traducido: SCHAUM S OUTLINE OF ELECTRONIC DEVICES AND CIRCUITS
650 _aAMPLIFICADORES
650 _aCIRCUITOS ELECTRONICOS
650 _aDIODOS SEMICONDUCTORES
650 _aDISPOSITIVOS ELECTRONICOS
650 _aTRANSISTORES
700 _aGABRIELA BIBRIESCA
_etraductor
942 _c01
010 _a10109
999 _c200240
_d200240